书目信息 |
| 题名: |
卓娅和舒拉的故事
|
|
| 作者: | 科斯莫杰米扬斯卡娅 著 ;尤侠 译 | |
| 分册: | ||
| 出版信息: | 北京 中国青年出版社 1952 |
|
| 页数: | 278页 | |
| 开本: | 19cm | |
| 丛书名: | 红帆船丛书 | |
| 单 册: | ||
| 中图分类: | I512.4 | |
| 科图分类: | 47.2752 | |
| 主题词: | 长篇小说--苏联--现代 | |
| 电子资源: | ||
| ISBN: | 7-5006-0064-X | |
| 000 | 00924nam2 2200265 45 | |
| 001 | 1553767444 | |
| 005 | 20150125145639.65 | |
| 010 | @a7-5006-0064-X@dCNY2.90 | |
| 100 | @a19960726d1996 am y0chiy0121 ea | |
| 101 | 1 | @achi@crus |
| 102 | @aCN@b110000 | |
| 105 | @af z 000fd | |
| 200 | 10 | @a卓娅和舒拉的故事@AZHUO YA HE SHU LA DE GU SHI@f(俄)科斯莫杰米扬斯卡娅著@F( E ) KE SI MO JIE MI YANG SI KA YA ZHU@g尤 侠译 |
| 210 | @a北京@c中国青年出版社@d1952@h1995重印 | |
| 215 | @a278页@c照片@d19cm | |
| 225 | 2 | @a红帆船丛书@i青少年优秀外国文学读物系列 |
| 410 | 0 | @120010@a红帆船丛书 |
| 517 | 1 | @a青少年优秀外国文学读物系列@AQING SHAO NIAN YOU XIU WAI GUO WEN XUE DU WU XI LIE |
| 606 | @a长篇小说@y苏联@z现代 | |
| 690 | @aI512.4@v4 | |
| 692 | @a47.2752 | |
| 701 | 1 | @a科斯莫杰米扬斯卡娅@AKE SI MO JIE MI YANG SI KA YA@b柳.@4著 |
| 702 | 0 | @a尤侠@AYOU XIA@4译 |
| 801 | 0 | @aCN@bTSSF@c20150125 |
| 905 | @aZUCC@dI512.4@eJY14 | |
| 卓娅和舒拉的故事/(俄)科斯莫杰米扬斯卡娅著/尤 侠译.-北京:中国青年出版社,1952(1995重印) |
| 278页:照片;19cm.-(红帆船丛书.青少年优秀外国文学读物系列) |
| ISBN 7-5006-0064-X:CNY2.90 |
| ● |
| 相关链接 |
|
|
|
|
正题名:卓娅和舒拉的故事
索取号:I512.4/JY14
 
预约/预借
| 序号 | 登录号 | 条形码 | 馆藏地/架位号 | 状态 | 备注 |
| 1 | 7853830 | 278538307 | 学院路分馆/ [索取号:I512.4/JY14] | 在馆 |